The effective communicator

Bibliographic Details
Main Author: Adair, John
Format: Book
Published: P.J : Pelanduk Publications , 1989
Subjects:

MARC

LEADER 00000cam a2200000 7i4500
001 0000005967
002 000006443
005 20070917.0
020 |a 967978276X 
090 0 0 |a 658.45   |b ADA 
100 1 |a Adair, John 
245 1 4 |a The effective communicator   |c John Adair 
260 |a P.J :   |b Pelanduk Publications ,   |c 1989 
300 |a 156p. ;   |c 21cm. 
650 0 0 |a Communication in management 
999 |a 037792   |b BUKU   |c PINJAMAN   |e PERPUSTAKAAN KOMUNITI PETALING JAYA